Informe sobre el trabajo en el mundo 2000 : (Registro nro. 11790)

Detalles MARC
000 -LEADER
fixed length control field 01488nam a2200253Ia 4500
003 - CONTROL NUMBER IDENTIFIER
control field OSt
005 - DATE AND TIME OF LATEST TRANSACTION
control field 20210524093954.0
008 - FIXED-LENGTH DATA ELEMENTS--GENERAL INFORMATION
fixed length control field 210310s2000 s ad gr 000 0 spa d
020 ## - INTERNATIONAL STANDARD BOOK NUMBER
International Standard Book Number 922310831
022 ## - INTERNATIONAL STANDARD SERIAL NUMBER
Source 02555514
040 ## - CATALOGING SOURCE
Original cataloging agency CO-JMCR
Transcribing agency CO-JMCR
041 0# - LANGUAGE CODE
Language code of text/sound track or separate title spa
082 04 - DEWEY DECIMAL CLASSIFICATION NUMBER
Classification number 344.02 /
Item number O329i
Edition number 23
110 2# - MAIN ENTRY--CORPORATE NAME
Corporate name or jurisdiction name as entry element Oficina Internacional del Trabajo
9 (RLIN) 4401
245 10 - TITLE STATEMENT
Title Informe sobre el trabajo en el mundo 2000 :
Remainder of title la seguridad de los ingresos y la protección social en un mundo en plena transformación /
Statement of responsibility, etc. Oficina Internacional del Trabajo
260 ## - PUBLICATION, DISTRIBUTION, ETC.
Place of publication, distribution, etc. Ginebra :
Name of publisher, distributor, etc. Oficina Internacional del Trabajo,
Date of publication, distribution, etc. 2000.
300 ## - PHYSICAL DESCRIPTION
Extent 339 páginas :
Other physical details ilustraciones y gráficas a color ;
Dimensions 30 cm.
500 ## - GENERAL NOTE
General note Incluye índices de cuadros y anexos estadísticos.
504 ## - BIBLIOGRAPHY, ETC. NOTE
Bibliography, etc. note Bibliografía: páginas 253-265.
505 0# - FORMATTED CONTENTS NOTE
Formatted contents note La nueva situación seguridad de los ingresos. -- Estructuras demográficas, familiares y laborales. -- Los gastos de seguridad social y la economía. -- Mecanismos de protección social existentes. -- La protección social durante la incapacidad. -- Pensiones de vejez para los supervivientes. -- La protección social contra el desempleo. -- Las prestaciones para los padres y los hijos. -- La asistencia social. -- Perspectivas y necesidades futuras. -- Restructuración de los sistemas de protección social. -- Principales conclusiones normativas.
650 14 - SUBJECT ADDED ENTRY--TOPICAL TERM
Topical term or geographic name entry element Protección social.
9 (RLIN) 26458
650 24 - SUBJECT ADDED ENTRY--TOPICAL TERM
Topical term or geographic name entry element País en desarrollo
9 (RLIN) 37807
942 ## - ADDED ENTRY ELEMENTS (KOHA)
Source of classification or shelving scheme Dewey Decimal Classification
Koha item type Books
Existencias
Withdrawn status Lost status Source of classification or shelving scheme Damaged status Not for loan Home library Current library Shelving location Date acquired Source of acquisition Full call number Barcode Date last seen Copy number Price effective from Koha item type
    Dewey Decimal Classification     Biblioteca Pública José María del Castillo y Rada Biblioteca Pública José María del Castillo y Rada General Stacks 04/15/2018 Donación 344.02 / O329i 430002756 05/16/2024 Ej.1 03/10/2021 Books